000 01488nam0a2200409 4500
001 RU\NLR\bibl\411850
005 20250622171255.0
010 _a5-94622-083-7
_9490
021 _aRU
_b2003-21092
_9978
035 _a(NLR Aleph) 000405907
090 _a604482
_c604482
100 _a20030606d2003 |||y0rusy50 ca
101 0 _arus
102 _aRU
105 _aa |||||||||
200 1 _aРента в современной экономике России: теория и практика
_fР. П. Кудряшова
_gМ-во образования Рос. Федерации, Самар. гос. экон. акад.
210 _aСамара
_cИзд-во Самар. гос. экон. акад.
_d2003
215 _a148, [1] с.
_cил.
_d20
320 _aБиблиогр.: с. 136-145
606 0 _aРента
_91115330
_3RU\NLR\auth\66441112
610 0 _aРента (экон.)
610 0 _aГосударственное регулирование экономики
610 0 _aРоссийская Федерация, экономика
675 _a332.68
_v3
_zrus
686 _a06.61
_2rugasnti
686 _a65.04
_2rubbk
686 _aУ010.062
686 _aУ9(2)-14(2Р)
700 1 _aКудряшова
_bР. П.
_gРаиса Павловна
_4070
801 0 _aRU
_bRKP
_c20030606
_gPSBO
801 1 _aRU
_bRKP
_c20030606
801 2 _aRU
_bNLR
_c20030724
_grcr
942 _cBOOK
980 _aNB
980 _aNBR